Traditional Systems of the Jaintia Community : (Record no. 39365)
[ view plain ]
| 000 -LEADER | |
|---|---|
| fixed length control field | 01004nam a22002177a 4500 |
| 020 ## - INTERNATIONAL STANDARD BOOK NUMBER | |
| ISBN | 9789383079292 |
| 041 ## - LANGUAGE CODE | |
| Language code of text/sound track or separate title | eng- |
| 082 ## - DEWEY DECIMAL CLASSIFICATION NUMBER | |
| Classification number | 305.80954164 |
| Item number | TRA- |
| 245 ## - TITLE STATEMENT | |
| Title | Traditional Systems of the Jaintia Community : |
| Sub Title | Change and Continuity / |
| Statement of responsibility, etc | Vivekananda Kendra Institute of Culture |
| 260 ## - PUBLICATION, DISTRIBUTION, ETC. (IMPRINT) | |
| Place of publication | Guwahati: |
| Name of publisher | Vivekananda Kendra Institute of Culture, |
| Year of publication | 2018. |
| 300 ## - PHYSICAL DESCRIPTION | |
| Number of Pages | 176p. |
| 504 ## - BIBLIOGRAPHY, ETC. NOTE | |
| Bibliography, etc | Includes bibliography and index. |
| 546 ## - LANGUAGE NOTE | |
| Language note | English |
| 650 ## - SUBJECT ADDED ENTRY--TOPICAL TERM | |
| Topical Term | Jaintia (Indic people) |
| Form subdivision | Social customs |
| General subdivision | Traditional practices |
| Geographic subdivision | Meghalaya (India) |
| 650 ## - SUBJECT ADDED ENTRY--TOPICAL TERM | |
| Topical Term | Indigenous peoples |
| Form subdivision | Rites and ceremonies |
| General subdivision | Cultural heritage |
| Geographic subdivision | Meghalaya (India) |
| 650 ## - SUBJECT ADDED ENTRY--TOPICAL TERM | |
| Topical Term | Cultural change |
| Form subdivision | Studies |
| General subdivision | Continuity and transformation |
| Geographic subdivision | Meghalaya (India) |
| 650 ## - SUBJECT ADDED ENTRY--TOPICAL TERM | |
| Topical Term | Folk traditions |
| Form subdivision | Historical analysis |
| General subdivision | Social and cultural aspects |
| Geographic subdivision | Meghalaya (India) |
| 650 ## - SUBJECT ADDED ENTRY--TOPICAL TERM | |
| Topical Term | Ethnology |
| Form subdivision | Comparative studies |
| General subdivision | Jaintia community |
| Geographic subdivision | Meghalaya (India) |
| 700 ## - ADDED ENTRY--PERSONAL NAME | |
| Personal name | Vivekananda Kendra Institute of Culture |
| Relator term | Contributor |
| 942 ## - ADDED ENTRY ELEMENTS (KOHA) | |
| Source of classification or shelving scheme | Dewey Decimal Classification |
| Koha item type | Books |
| Withdrawn status | Lost status | Damaged status | Not for loan | Home library | Current library | Date acquired | Source of acquisition | Cost, normal purchase price | Bill Date | Full call number | Accession Number | Cost, replacement price | Price effective from | Koha item type |
|---|---|---|---|---|---|---|---|---|---|---|---|---|---|---|
| NASSDOC Library | NASSDOC Library | 21/03/2024 | Overseas Press India Pvt. Ltd | 216.60 | 2024-03-20 | 305.80954164 TRA- | 54445 | 300.00 | 20/03/2024 | Books |
